Wszystkie miasta z ludnością powyżej 15 milionów - Statystyki

Ogólne statystyki
  • Ten quiz został rozwiązany 245 razy
  • Średni wynik to 14 z 24
Statystyki odpowiedzi
Liczba ludności Miasto % Poprawnych
46.700.000 Tokio
95%
20 000 000 Pekin
91%
22 000 000 Nowy Jork
88%
17 000 000 Moskwa
83%
29 400 000 (New) Delhi
74%
15 000 000 Stambuł
72%
17 000 000 Los Angeles
70%
33 600 000 Szanghaj
70%
22 800 000 Meksyk
67%
20 000 000 Kair
64%
24 700 000 Mumbaj (Bombaj)
61%
22 000 000 Sao Paulo
59%
31 300 000 Dżakarta
55%
24 700 000 Seul
54%
16 000 0000 Buenos Aires
50%
46.700.000 Kanton
46%
18 000 000 Bangkok
43%
16 000 000 Kalkuta (Kolkata)
43%
18 000 000 Lagos
43%
17 000 000 Osaka
40%
15 000 000 Teheran
40%
25 200 000 Manila
37%
19 000 000 Dhaka
35%
17 000 000 Karaczi
28%
Nie znaleziono quizów pasujących do podanych kryteriów
Rozkład punktacji
Procent ludzi z każdym wynikiem
Percentyl według liczby udzielonych odpowiedzi
Twoja historia wyników
Nie rozwiązałeś tego quizu